Ghost Hawk /

At the end of a winter-long journey into manhood, Little Hawk returns to find his village decimated by a white man's plague and soon, despite a fresh start, Little Hawk dies violently but his spirit remains trapped, seeing how his world changes.

Bibliographic Details
Main Author: Cooper, Susan, 1935-
Format: Book
Language:English
Published: New York : Margaret K. McElderry Books, [2013]
Subjects:

MARC

Tag First Indicator Second Indicator Subfields
LEADER 00000cam a2200000 i 4500
001 in00003426721
005 20151206091603.0
008 121017s2013 nyu c 000 1 eng
010 |a  2012039892 
020 |a 9781442481411 (hardcover) 
020 |a 1442481412 (hardcover) 
020 |z 9781442481435 (ebook) 
020 |a 1442481439 (ebk.) 
020 |a 9781442481435 (ebk.) 
029 1 |a AU@  |b 000050115931 
029 1 |a AU@  |b 000051933405 
029 1 |a NZ1  |b 14955915 
035 |a (OCoLC)ocn813415052 
035 |a (OCoLC)813415052 
040 |a DLC  |b eng  |e rda  |c DLC  |d IG#  |d OCLCO  |d BTCTA  |d BDX  |d UPZ  |d YDXCP  |d LF3  |d VP@  |d OI6  |d OCLCF  |d UtOrBLW 
042 |a lcac  |a pcc 
043 |a n-us-ma 
049 |a TXAM 
050 0 0 |a PZ7.C7878  |b Gho 2013 
082 0 0 |a [Fic]  |2 23 
100 1 |a Cooper, Susan,  |d 1935- 
245 1 0 |a Ghost Hawk /  |c Susan Cooper. 
264 1 |a New York :  |b Margaret K. McElderry Books,  |c [2013] 
300 |a 328 pages ;  |c 22 cm 
336 |a text  |b txt  |2 rdacontent 
337 |a unmediated  |b n  |2 rdamedia 
338 |a volume  |b nc  |2 rdacarrier 
520 |a At the end of a winter-long journey into manhood, Little Hawk returns to find his village decimated by a white man's plague and soon, despite a fresh start, Little Hawk dies violently but his spirit remains trapped, seeing how his world changes. 
650 1 |a Coming of age  |v Fiction. 
650 1 |a Wampanoag Indians  |v Fiction. 
650 1 |a Indians of North America  |z Massachusetts  |v Fiction. 
650 1 |a Ghosts  |v Fiction. 
650 1 |a Survival  |v Fiction. 
651 1 |a Massachusetts  |x History  |y New Plymouth, 1620-1691  |v Fiction. 
650 0 |a Bildungsromans. 
650 0 |a Wampanoag Indians  |v Juvenile fiction. 
650 0 |a Indians of North America  |z Massachusetts  |v Juvenile fiction. 
650 0 |a Ghost stories. 
650 0 |a Survival  |v Juvenile fiction. 
651 0 |a Massachusetts  |x History  |y New Plymouth, 1620-1691  |v Juvenile fiction. 
655 7 |a Fiction.  |2 fast  |0 (OCoLC)fst01423787 
655 7 |a History.  |2 fast  |0 (OCoLC)fst01411628 
655 7 |a Juvenile works.  |2 fast  |0 (OCoLC)fst01411637 
648 7 |a 1620 - 1691  |2 fast 
650 7 |a Bildungsromans.  |2 fast  |0 (OCoLC)fst00831688 
650 7 |a Ghost stories.  |2 fast  |0 (OCoLC)fst00942396 
650 7 |a Indians of North America.  |2 fast  |0 (OCoLC)fst00969633 
650 7 |a Survival.  |2 fast  |0 (OCoLC)fst01761768 
650 7 |a Wampanoag Indians.  |2 fast  |0 (OCoLC)fst01170252 
651 7 |a Massachusetts.  |2 fast  |0 (OCoLC)fst01204307 
938 |a Ingram  |b INGR  |n 9781442481411 
938 |a Baker and Taylor  |b BTCP  |n BK0012767963 
938 |a Brodart  |b BROD  |n 104177705 
938 |a YBP Library Services  |b YANK  |n 10003887 
947 |a A14840682475 
945 |a PromptCat  |b 616632 
946 |a curr 
994 |a 92  |b TXA 
948 |a Cataloged  |b h  |c 2014/1/30  |d c  |e Dhernandez 
999 |a MARS 
999 f f |s 68f29c32-f1d4-38e0-8caf-00b5f0ef2d24  |i 7c0842d9-ce75-39f8-9cb4-212df4adf603  |t 0 
952 f f |p normal  |a Texas A&M University  |b College Station  |c Sterling C. Evans Library  |d Evans: Curriculum Collection (4th floor)  |t 0  |e PZ7.C7878 Gho 2013  |h Library of Congress classification  |i unmediated -- volume  |m A14840682475 
998 f f |a PZ7.C7878 Gho 2013  |t 0  |l Evans: Curriculum Collection (4th floor)